| 000 | 004980000a22001690004500 | ||
|---|---|---|---|
| 041 | 0 | _aSPA | |
| 082 | 0 | 4 | _aG 268.12 B4742g |
| 100 | 1 | _aBenson, Clarence. H. (Herbert) (1879-) | |
| 245 | 1 | 0 | _aGuía para la obra de la escuela dominical / Clarence H. Benson; C. P. Dneyer, Traductor |
| 260 | _aSan José, Costa Rica : Caribe | ||
| 300 | _a113 Pag | ||
| 001 | 10736 | ||
| 942 | _cBK | ||
| 999 |
_c40193 _d40193 |
||
| 336 |
_atexto _btxt _2rdacontent |
||
| 337 |
_2rdamedia _asin mediación _bn |
||
| 338 |
_2rdacarrier _avolumen _bnc |
||